PARKS TEXTBOOK OF PREVENTIVE & SOCIAL MEDICINE (Record no. 3372)

MARC details
000 -LEADER
fixed length control field 00405nam a2200145Ia 4500
008 - FIXED-LENGTH DATA ELEMENTS--GENERAL INFORMATION
fixed length control field 150201s2005 xx 000 0 und d
082 ## - DEWEY DECIMAL CLASSIFICATION NUMBER
Classification number 617.692
Item number P2005P
100 ## - MAIN ENTRY--PERSONAL NAME
Personal name PARK, K.
245 ## - TITLE STATEMENT
Title PARKS TEXTBOOK OF PREVENTIVE & SOCIAL MEDICINE
250 ## - EDITION STATEMENT
Edition statement 18TH
260 ## - PUBLICATION, DISTRIBUTION, ETC. (IMPRINT)
Name of publisher, distributor, etc. BANARSIDAS BHANOT PUBLISHERS
Place of publication, distribution, etc. JABALPUR
Date of publication, distribution, etc. 2005
300 ## - PHYSICAL DESCRIPTION
Extent 1-711
650 ## - SUBJECT ADDED ENTRY--TOPICAL TERM
Topical term or geographic name as entry element PREVENTIVE AND COMMUNITY DENTISTRY
942 ## - ADDED ENTRY ELEMENTS (KOHA)
Source of classification or shelving scheme Dewey Decimal Classification
Koha item type Books
Holdings
Withdrawn status Lost status Source of classification or shelving scheme Damaged status Not for loan Home library Current library Date acquired Source of acquisition Cost, normal purchase price Serial Enumeration / chronology SGTU Bill Number Total Checkouts Full call number Barcode Date last seen Bill Date Koha item type
    Dewey Decimal Classification     SGT Dental Library SGT Dental Library 03/01/2006 U.B.S.DELHI 995.00 1 SGTU 825/839   617.692 P2005P FD3674 09/02/2015 11/06/2012 Books
    Dewey Decimal Classification     SGT Dental Library SGT Dental Library 03/01/2006 U.B.S.DELHI 995.00 1 SGTU 825/839   617.692 P2005P FD3675 09/02/2015 11/06/2012 Books